00771nam a2200217Ii 45000010005000000030009000050080041000140400033000550410008000880840012000961100052001082450019001602640076001793000012002553360026002673370028002933380027003219400050003489990017003989520138004156085CO-ViMGA241108s9999||||xx |||||||||||||| ||und|| aCO-ViMGAbspaerdacCO-ViMGA0 aunk aP VAL2o1 aValencia Castillo, Guillermo, 1873-1943.95733010aObra Poética 1a[Lugar de publicación no identificado] : Editorial Printer Ltda, 1984 avolumen atextbtxt2rdacontent aunmediatedbn2rdamedia avolumebnc2rdacarrier aidficha_siabuc: 5938. -- ficha_no_siabuc:6085 c55725d55725 001040708012aMEVIGERRbMEVIGERRcLITd2006-11-27hVol.1oP VAL2opECA5344r2024-11-26 10:51:42tEj.1w2024-11-26yBKz5938 | 8303